| 000 | 00656nam a22001937a 4500 | ||
|---|---|---|---|
| 008 | 260226b |||||||| |||| 00| 0 eng d | ||
| 020 | _a9780884893561 | ||
| 040 |
_aCUZ _beng _cCUZ _drda _eCUZ |
||
| 050 | _aBS511.2B7BRU | ||
| 100 | _aWalter Brueggemann | ||
| 245 |
_aThe bible makes sense _cby Walter Brueggemann |
||
| 264 |
_aWinona _bSaint Mary's press _c©1997 |
||
| 300 | _a125pages | ||
| 336 |
_atext _btxt |
||
| 337 |
_aunmediated _bn |
||
| 338 | _2rdacarrier | ||
| 650 |
_a Philosophy, Psychology and Religion _aThe Bible _aWorks about the Bible Criticism and interpretation |
||
| 942 |
_cOS _i511.2B7BRU _kBS |
||
| 999 |
_c45523 _d45523 |
||